| Tag |
First Indicator |
Second Indicator |
Subfields |
| LEADER |
00000cam a2200000 a 4500 |
| 001 |
in00002014875 |
| 005 |
20151031160215.0 |
| 008 |
880226s1987 enkg bc 001 0 eng |
| 010 |
|
|
|a 88115429
|
| 015 |
|
|
|a GB87-24582
|
| 019 |
|
|
|a 16094212
|
| 020 |
|
|
|a 0947854029
|
| 035 |
|
|
|a (OCoLC)ocm19355650
|
| 040 |
|
|
|a DLC
|c DLC
|d UKM
|d MUQ
|d TXA
|d UtOrBLW
|
| 043 |
|
|
|a e-it---
|
| 049 |
|
|
|a TXAM
|
| 050 |
0 |
0 |
|a ML2933.8.T7
|b B6 1987
|
| 082 |
0 |
0 |
|a 783.4/0945/36
|2 19
|
| 100 |
1 |
|
|a Blackburn, Bonnie J.
|
| 245 |
1 |
0 |
|a Music for Treviso Cathedral in the late sixteenth century :
|b a reconstruction of the lost manuscripts 29 and 30 /
|c Bonnie J. Blackburn.
|
| 264 |
|
1 |
|a London :
|b Royal Musical Association,
|c 1987.
|
| 300 |
|
|
|a vi, 162 pages :
|b music ;
|c 26 cm.
|
| 336 |
|
|
|a text
|b txt
|2 rdacontent
|
| 337 |
|
|
|a unmediated
|b n
|2 rdamedia
|
| 338 |
|
|
|a volume
|b nc
|2 rdacarrier
|
| 490 |
1 |
|
|a Royal Musical Association monographs ;
|v 3
|
| 504 |
|
|
|a Includes bibliographical references and indexes.
|
| 536 |
|
|
|a From the Howard Mayer Brown, Edward Downes and Mary Schieffelin book collections, October 2004.
|
| 650 |
|
0 |
|a Choral music
|z Italy
|z Treviso
|y 16th century.
|
| 610 |
2 |
0 |
|a Duomo di Treviso.
|
| 650 |
|
0 |
|a Church music
|x Catholic Church.
|
| 650 |
|
0 |
|a Motets
|x History and criticism.
|
| 610 |
2 |
0 |
|a Duomo di Treviso
|v Catalogs.
|
| 650 |
|
0 |
|a Music
|x Manuscripts
|v Thematic catalogs.
|
| 610 |
2 |
6 |
|a Duomo di Treviso.
|
| 610 |
2 |
6 |
|a Duomo di Treviso
|x Catalogues.
|
| 650 |
|
6 |
|a Musique chorale
|z Italie
|z Trévise
|y 16e siècle.
|
| 650 |
|
6 |
|a Musique d'église
|x Église catholique.
|
| 650 |
|
6 |
|a Motets
|x Histoire et critique.
|
| 650 |
|
6 |
|a Musique
|x Manuscrits
|x Catalogues thématiques.
|
| 653 |
|
|
|a Italian motets
|
| 830 |
|
0 |
|a Royal Musical Association monographs ;
|v no. 3.
|
| 948 |
|
|
|a cataloged
|b h
|c 2005/1/6
|d c
|e mphillip
|f 1:17:07 pm
|
| 994 |
|
|
|a E0
|b TXA
|
| 999 |
|
|
|a MARS
|
| 999 |
f |
f |
|s 5c7e36f2-17ab-380d-af2b-b4a402f922fc
|i c657ae92-4379-378a-a68b-cfde1838d035
|t 0
|
| 952 |
f |
f |
|p ric
|a Texas A&M University
|b Rellis Campus
|c Joint Library Facility
|d Remote Storage
|t 0
|e ML2933.8.T7 B6 1987
|h Library of Congress classification
|i unmediated -- volume
|m A14831673231
|
| 998 |
f |
f |
|a ML2933.8.T7 B6 1987
|t 0
|l Remote Storage
|